Представление документа в формате RUSMARC

ПолеНазваниеЗначение
  Тип записи a
  Библиографический уровень m
001 Контрольный номер RU/REG73/CBS_GRAD/346ed69cd786433cbe38872731e7f9e5
005 Дата корректировки 20240205114650.7
010 Индекс ISBN __
a ISBN 5-225-00674-4
b Уточнения в пер.
d Цена 1 р. 70 к.
9 Тираж 15000 экз.
100 Данные общей обработки __
a Данные общей обработки 20240205d1989 |||y0rusy0189## ca
101 Язык документа 0_
a Язык текста rus
102 Страна публикации __
a Страна публикации RU
105 Кодированные данные (монография) __
a Кодированные данные (монография) a z 000yy
200 Заглавие и сведения об ответственности 1_
a Заглавие Хирург и жизнь
f Первые сведения об ответственности Петровский Борис Васильевич
g Последующие сведения об ответственности редактор И.В. Богорад
203 Вид содержания и тип средства __
a Вид содержания Текст
b Характеристика содержания визуальное
c Тип средства непосредственный
210 Выходные данные 1_
a Место издания Москва
c Издательство Медицина
d Дата издания 1989
215 Физическое описание __
a Объем 320 с.
c Иллюстрации/тип воспроизводства ил. [8] л.
d Формат 22 см
327 Примечание о содержании 01
a Примечание о содержании Содерж.: мемуары известного хирурга
600 Персоналии _1
a Персоналии (Фамилия) Петровский
b Персоналии (Имя, инициалы) Б. В.
g Полное имя Борис Васильевич
j Формальный подзаголовок монография
606 Тематические рубрики 0_
a Основная рубрика История медицины и здравоохранения
610 Ключевые слова 0_
a Ключевые слова хирургия в СССР; хирурги; мемуары; воспоминания
686 Индексы других классификаций __
a Классификационный индекс
2 Код системы rubbk
700 Автор _1
a Фамилия Петровский
b Имя (инициалы) Б. В.
g Полное личное имя Борис Васильевич
4 Код отношения 070
702 Вторичная интеллектуальная ответственность _1
a Фамилия Богорад
b Имя (инициалы) И. В.
4 Код отношения 340
801 Источник записи _0
a Страна RU
b Организация RuCBSGrad
c Дата составления 20240205
g Правила каталогизации RCR
801 Источник записи _1
a Страна RU
b Организация RuCBSGrad
c Дата составления 20240205
g Правила каталогизации RCR
852 Данные о местонахождении __
z Тип записи R
a Наименование организации МБУК "ЦБС г.Димитровграда"
i Авторский знак П 30
m Каталогизатор Бакалдина
t Дата завершения обработки 20240205
901 Тип документа __
t Тип документа m
909 Создатель записи __
a Создатель записи Бакалдина
b Дата создания записи 20240205